000 00363 a2200145 4500
005 20250624135535.0
020 _a0-8264-5852-1
082 _a519.5LUC,
100 _aLUCEY, T.
245 _aQuantitative Techniques,
250 _a6th Ed,
260 _aNew York,
_bMPG Books Ltd,
_c2002.
300 _avii,557p,: ill,table,figure,
_bIndex,
_c25cm.
942 _2ddc
_cBKS
999 _c4875
_d4875